| 000 | 00428nam a2200169Ia 4500 | ||
|---|---|---|---|
| 005 | 20240731041935.0 | ||
| 008 | 240331s9999 xx 000 0 und d | ||
| 020 | _a9559296000 | ||
| 082 |
_a294 _bDIS |
||
| 100 | _aDisanayaka, J.B. | ||
| 245 | 4 |
_aThe Buddha : _bin history and tradition |
|
| 260 |
_aColombo _bSri Lanka Rupavahini Corporation _c1994 |
||
| 300 | _a32 p ., | ||
| 650 | _aBuddhism | ||
| 650 | _aHistory | ||
| 942 | _cL | ||
| 999 |
_c886 _d886 |
||